00750cam a22002292 4500001001100000005001700011008004100028020001700069040001500086100003000101245005200131250001300183260004400196300001700240650005600257700003300313852001300346908001100359950000600370999001700376952012700393000002392920151217152252.0130419s xx 000 0 eng d a0443047022 : aKABUcKABU1 aCraven, J. L.@000018372510aSurgical MCQs /cJ. L. Craven, J. S. P. Lumley. a3rd ed. aLondon :bChurchill Livingstone,c1993. axiv, 341 p. 0aSurgery.xExaminations, questions, etc.@00001837261 aLumley, J. S. P.@00001837271 9p400 KES a130419 @1 c10060d10060 00102lcc70aKABUbKABUd2015-12-17l6m2oRD37.2 .C73 1993 c. 1p015069r2025-10-11 13:22:33s2025-09-25w2015-12-17yBK